[Event "X Open A"]
[Site "Bergamo ITA"]
[Date "2011.07.17"]
[Round "6"]
[White "Aranovitch, Emiliano"]
[Black "Vezzosi, Paolo"]
[WhiteElo "2328"]
[BlackElo "2355"]
[Result "1-0"]
[PlyCount "49"]
[EventDate "2011.07.15"]

1. e4 e5 2. Nf3 Nc6 3. Bb5 a6 4. Ba4 Nf6 5. O-O Be7 6. Re1 b5 7. Bb3 d6 8. a4
Bb7 9. d3 O-O 10. Bg5 Nd7 11. axb5 axb5 12. Rxa8 Bxa8 13. Be3 Na5 14. Ba2 c6
15. Nbd2 Nb7 16. Nf1 Nbc5 17. Ng3 g6 18. c3 Bb7 19. d4 Na4 20. Bh6 Nxb2 21. Qc2
Na4 22. Bxf8 Qxf8 23. c4 Ba6 24. cxb5 Bxb5 25. Bc4 1-0

[Event "X Open A"]
[Site "Bergamo ITA"]
[Date "2011.07.17"]
[Round "6"]
[White "Bocci, Alessandro"]
[Black "Ranfagni, Stefano"]
[WhiteElo "1941"]
[BlackElo "2006"]
[Result "1/2-1/2"]
[PlyCount "93"]
[EventDate "2011.07.15"]

1. d4 e6 2. c4 f5 3. g3 Nf6 4. Bg2 c6 5. Nh3 d5 6. Qc2 Bd6 7. O-O O-O 8. Bf4
Bxf4 9. Nxf4 Qe7 10. Nd2 Nbd7 11. Nf3 Ne4 12. cxd5 exd5 13. Nd3 Kh8 14. b4 Nd6
15. e3 Nc4 16. a3 b6 17. Nb2 Ba6 18. Nxc4 Bxc4 19. Rfc1 b5 20. Bf1 g6 21. Qb2
Rfe8 22. a4 a6 23. axb5 axb5 24. Ra3 Rxa3 25. Qxa3 Nb6 26. Ne5 Qb7 27. Qb2 Ra8
28. Ra1 Bxf1 29. Rxa8+ Qxa8 30. Kxf1 Nc4 31. Nxc4 bxc4 32. b5 cxb5 33. Qxb5 Kg8
34. Qc5 Qb7 35. Kg2 Kf7 36. h4 h5 37. Kf3 Ke6 38. Kg2 Kd7 39. Kf3 Qc6 40. Qa7+
Kc8 41. Ke2 Qb5 42. Qa2 c3+ 43. Ke1 Qd3 44. Qa8+ Kc7 45. Qa7+ Kc6 46. Qc5+ Kb7
47. Qb4+ 1/2-1/2

[Event "X Open A"]
[Site "Bergamo ITA"]
[Date "2011.07.17"]
[Round "6"]
[White "Bodiroga, Predrag"]
[Black "Mrdja, Milan"]
[Result "1-0"]
[WhiteElo "2395"]
[BlackElo "2389"]
[PlyCount "75"]
[EventDate "2011.07.15"]

1. d4 Nf6 2. c4 g6 3. Nc3 Bg7 4. e4 d6 5. f3 O-O 6. Nge2 c5 7. d5 e6 8. Ng3
exd5 9. cxd5 Re8 10. Be2 a6 11. a4 Nbd7 12. O-O h5 13. Re1 Nh7 14. Kh1 Ne5 15.
Be3 h4 16. Nf1 f5 17. exf5 Bxf5 18. Qd2 Qf6 19. a5 Re7 20. Ra4 Rae8 21. h3 Nf7
22. Bf2 Bh6 23. Qd1 g5 24. Nh2 Qg6 25. Ra3 Bc2 26. Qa1 Bg7 27. Bf1 Nf6 28. Rxe7
Rxe7 29. Qc1 Bf5 30. Qd2 Nd7 31. Ng4 Nfe5 32. Be3 Nf7 33. Rb3 Nde5 34. Rb6 Rc7
35. Nxe5 Bxe5 36. Na4 Qg7 37. Bd3 Bc8 38. Nxc5 1-0

[Event "X Open A"]
[Site "Bergamo ITA"]
[Date "2011.07.17"]
[Round "6"]
[White "Brunelli, Giovanni"]
[Black "Ventura, Franco"]
[WhiteElo "1943"]
[BlackElo "2090"]
[Result "0-1"]
[PlyCount "150"]
[EventDate "2011.07.15"]

1. e4 d6 2. d4 Nf6 3. Nc3 g6 4. Be3 Bg7 5. f3 c6 6. Qd2 Qa5 7. O-O-O O-O 8. h4
h5 9. Be2 b5 10. g4 b4 11. Nb1 Nbd7 12. gxh5 Nxh5 13. Bh6 Ndf6 14. Bxg7 Kxg7
15. Bc4 d5 16. exd5 cxd5 17. Bb3 Bf5 18. Ne2 Rac8 19. c3 Qc7 20. Rhg1 a5 21.
Rg5 e6 22. Rdg1 Kh7 23. Bc2 bxc3 24. Nbxc3 Rb8 25. Bxf5 exf5 26. Kb1 Qd6 27.
Ng3 Rg8 28. Nxh5 Nxh5 29. Qc2 Qe6 30. Ne2 Rgc8 31. Qd2 Re8 32. Ng3 Nxg3 33.
R1xg3 Qe2 34. Rg2 Qxd2 35. Rxd2 Re3 36. Rc2 Rxf3 37. Rc5 a4 38. Rxd5 a3 39. b3
Rf1+ 40. Kc2 f4 41. Rc5 f3 42. Kd3 Re8 43. Rce5 Rxe5 44. dxe5 Re1 45. Rg3 Rxe5
46. Rxf3 f5 47. Kd4 Re2 48. h5 Rxa2 49. hxg6+ Kxg6 50. b4 Rb2 51. Rxa3 Rxb4+
52. Ke3 Kg5 53. Kf3 Rb1 54. Kg3 Rg1+ 55. Kf2 Rh1 56. Ra8 Rh3 57. Rg8+ Kf4 58.
Rf8 Rh2+ 59. Kg1 Ra2 60. Kf1 Kg4 61. Rg8+ Kf3 62. Ke1 f4 63. Rg7 Ra1+ 64. Kd2
Kf2 65. Rg4 f3 66. Rg7 Ra3 67. Rf7 Ra8 68. Rd7 Re8 69. Rh7 Re4 70. Rh2+ Kg1 71.
Rh8 f2 72. Rg8+ Kf1 73. Ra8 Rg4 74. Rf8 Kg1 75. Ke2 Rg7 0-1

[Event "X Open A"]
[Site "Bergamo ITA"]
[Date "2011.07.17"]
[Round "6"]
[White "Buckley, Simon T."]
[Black "Arnaudov, G. Petar"]
[Result "1/2-1/2"]
[WhiteElo "2352"]
[BlackElo "2439"]
[PlyCount "191"]
[EventDate "2011.07.15"]

1. c4 Nf6 2. Nc3 e6 3. d4 Bb4 4. Qc2 Nc6 5. Nf3 d6 6. Bg5 h6 7. Bxf6 Qxf6 8. a3
Bxc3+ 9. Qxc3 a5 10. e3 O-O 11. Be2 a4 12. O-O e5 13. Rad1 Bg4 14. h3 Bh5 15.
Rd2 Rfe8 16. d5 Bxf3 17. Bxf3 Nb8 18. Qb4 Nd7 19. Bd1 Nc5 20. Bc2 Qe7 21. Qc3
Qd7 22. f4 b5 23. cxb5 Qxb5 24. fxe5 Rxe5 25. Rdf2 f6 26. Qd4 Qe8 27. Rf5 Rxf5
28. Rxf5 Qg6 29. g4 Re8 30. h4 Rf8 31. Bxa4 Nxa4 32. Qxa4 h5 33. Qf4 hxg4 34.
h5 Qe8 35. Kf2 Qb5 36. b4 Qd3 37. Qxg4 Re8 38. Rxf6 Qxe3+ 39. Kg2 Re5 40. Re6
Qd2+ 41. Kh3 Qc3+ 42. Kh2 Qc2+ 43. Kg1 Qc1+ 44. Kh2 Qc2+ 45. Kg1 Rxd5 46. Re8+
Kh7 47. Qe4+ Qxe4 48. Rxe4 Rxh5 49. Re7 c5 50. Rd7 Rd5 51. bxc5 Rg5+ 52. Kh2
dxc5 53. a4 Kg6 54. a5 Kf6 55. a6 Rg4 56. Rc7 Ra4 57. Rc6+ Ke7 58. Rxc5 Rxa6
59. Kg3 Kf6 60. Rb5 Kg6 61. Rc5 Kh6 62. Rb5 Rg6+ 63. Kh4 Rg1 64. Ra5 g5+ 65.
Kh3 Rb1 66. Kg4 Rb4+ 67. Kg3 Kh5 68. Ra3 Rg4+ 69. Kh3 Rb4 70. Kg3 Rb5 71. Rc3
Rb6 72. Ra3 Kg6 73. Rc3 Rb5 74. Kg4 Rb4+ 75. Kg3 Kh5 76. Ra3 Rb1 77. Rc3 Rg1+
78. Kh2 Re1 79. Kg3 Re4 80. Ra3 Kg6 81. Ra6+ Kf5 82. Ra5+ Re5 83. Rxe5+ Kxe5
84. Kg4 Kf6 85. Kg3 Kf5 86. Kf3 g4+ 87. Kg3 Kg5 88. Kg2 Kf4 89. Kf2 g3+ 90. Kg2
Kg4 91. Kg1 Kh3 92. Kh1 Kh4 93. Kg2 Kg4 94. Kg1 Kf3 95. Kf1 g2+ 96. Kg1 1/2-1/2

[Event "X Open A"]
[Site "Bergamo ITA"]
[Date "2011.07.17"]
[Round "6"]
[White "Cani, Gazmir"]
[Black "Attuati, Stefano"]
[WhiteElo "2114"]
[BlackElo "1963"]
[Result "0-1"]
[PlyCount "134"]
[EventDate "2011.07.15"]

1. Nf3 e6 2. c4 f5 3. g3 Nf6 4. Bg2 d5 5. O-O Bd6 6. Nc3 c6 7. d3 O-O 8. e4
dxe4 9. dxe4 e5 10. exf5 Bxf5 11. Qb3 Qb6 12. Be3 Qxb3 13. axb3 Bc2 14. c5 Bc7
15. b4 Ng4 16. Bg5 Bd3 17. h3 Bxf1 18. Rxf1 Nf6 19. Nd2 a6 20. Nc4 Nbd7 21. Rd1
h6 22. Be3 Rfe8 23. g4 Nf8 24. Ne2 Ne6 25. Ng3 Nf4 26. Bxf4 exf4 27. Nf5 Rad8
28. Nfd6 Bxd6 29. Nxd6 Re2 30. Ra1 Rd7 31. b3 Ne8 32. b5 axb5 33. Ra8 Rde7 34.
Rb8 Re1+ 35. Kh2 Kh7 36. Rxb7 Nxd6 37. Rxe7 Rxe7 38. cxd6 Rd7 39. Bxc6 Rxd6 40.
Bxb5 Kg6 41. h4 Rd2 42. Kg2 Kf6 43. Be8 Rb2 44. Ba4 g5 45. hxg5+ hxg5 46. Kf3
Ke5 47. Kg2 Kd4 48. Kf3 Kc3 49. Ke4 Rxf2 50. Kf5 Re2 51. Kxg5 f3 52. Bc6 f2 53.
Bg2 Re1 54. Kf6 f1=Q+ 55. Bxf1 Rxf1+ 56. Ke5 Rg1 57. Kf5 Kd4 58. g5 Kd5 59. Kf6
Kd6 60. g6 Rf1+ 61. Kg7 Ke7 62. b4 Rb1 63. b5 Rxb5 64. Kg8 Kf6 65. g7 Kg6 66.
Kh8 Rh5+ 67. Kg8 Rh7 0-1

[Event "X Open A"]
[Site "Bergamo ITA"]
[Date "2011.07.17"]
[Round "6"]
[White "Chiarion, Elisa"]
[Black "Gromovs, Sergejs"]
[WhiteElo "1964"]
[BlackElo "2303"]
[Result "1-0"]
[PlyCount "94"]
[EventDate "2011.07.15"]

1. e4 c5 2. Nf3 Nc6 3. d4 cxd4 4. Nxd4 e5 5. Nb5 a6 6. Nd6+ Bxd6 7. Qxd6 Qf6 8.
Qd1 Nge7 9. Nc3 Qg6 10. Be3 d5 11. Nxd5 Nxd5 12. Qxd5 Be6 13. Qc5 Rc8 14. Qa3
Qxe4 15. Bd3 Qb4+ 16. Qxb4 Nxb4 17. O-O Nxc2 18. Rac1 Nb4 19. Rxc8+ Bxc8 20.
Bb1 Be6 21. a3 Na2 22. Bc5 f6 23. Rd1 Kf7 24. Bxa2 Bxa2 25. Rd7+ Ke6 26. Rxb7
Rg8 27. b4 Bc4 28. Rb6+ Kf5 29. Rd6 h5 30. f3 Re8 31. Kf2 e4 32. fxe4+ Rxe4 33.
Rd4 Re2+ 34. Kf3 Rc2 35. h3 Bb5 36. g4+ Kg6 37. Kg3 h4+ 38. Kxh4 Rg2 39. Rd5
Be8 40. Be3 Bb5 41. Rd2 Be2 42. a4 Kf7 43. b5 g5+ 44. Bxg5 fxg5+ 45. Kxg5 axb5
46. axb5 Bf3 47. Rxg2 Bxg2 1-0

[Event "X Open A"]
[Site "Bergamo ITA"]
[Date "2011.07.17"]
[Round "6"]
[White "Di Lascio, Savino"]
[Black "Giancotti, Eraldo"]
[WhiteElo "1982"]
[BlackElo "2070"]
[Result "0-1"]
[PlyCount "56"]
[EventDate "2011.07.15"]

1. e4 d5 2. e5 c5 3. Nf3 Nc6 4. g3 Bg4 5. h3 Bxf3 6. Qxf3 Nxe5 7. Bb5+ Nc6 8.
c4 e6 9. Nc3 Nge7 10. b3 Qd6 11. O-O O-O-O 12. Bxc6 Nxc6 13. cxd5 exd5 14. Qxf7
Rd7 15. Qe8+ Rd8 16. Qe2 h5 17. Bb2 Qg6 18. Na4 Bd6 19. Rac1 Rde8 20. Qf3 Rhf8
21. Qxd5 Rf5 22. Qg2 Rg5 23. h4 Rg4 24. Nxc5 Bxg3 25. Qd5 Bxf2+ 26. Kxf2 Rf4+
27. Qf3 Rxf3+ 28. Kxf3 Qg4+ 0-1

[Event "X Open A"]
[Site "Bergamo ITA"]
[Date "2011.07.17"]
[Round "6"]
[White "Epishin, Vladimir V."]
[Black "Kosic, Dragan"]
[Result "1/2-1/2"]
[WhiteElo "2553"]
[BlackElo "2483"]
[PlyCount "65"]
[EventDate "2011.07.15"]

1. d4 e6 2. c4 Bb4+ 3. Bd2 Bxd2+ 4. Qxd2 Nf6 5. Nc3 d5 6. Nf3 O-O 7. cxd5 exd5
8. Qf4 Qe7 9. e3 Be6 10. Bd3 c5 11. dxc5 Qxc5 12. O-O Nc6 13. a3 Rac8 14. Rac1
Qe7 15. h3 h6 16. Nb5 Rfd8 17. Nbd4 Bd7 18. Rfd1 Ne4 19. Nxc6 Bxc6 20. Bxe4
Qxe4 21. Qxe4 dxe4 22. Rxd8+ Rxd8 23. Nd4 Bd5 24. g4 g6 25. h4 Kg7 26. g5 hxg5
27. hxg5 Re8 28. Kh2 Re5 29. Rg1 Be6 30. Rc1 Bd5 31. Rg1 Be6 32. Rc1 Bd5 33.
Rg1 1/2-1/2

[Event "X Open A"]
[Site "Bergamo ITA"]
[Date "2011.07.17"]
[Round "6"]
[White "Georgiev, Vladimir"]
[Black "Rusev, Krasimir"]
[Result "1/2-1/2"]
[WhiteElo "2559"]
[BlackElo "2528"]
[PlyCount "21"]
[EventDate "2011.07.15"]

1. e4 d5 2. exd5 Qxd5 3. Nc3 Qe5+ 4. Be2 c6 5. d4 Qc7 6. Nf3 Nf6 7. Bg5 Bg4 8.
Ne5 Bxe2 9. Qxe2 e6 10. O-O Nbd7 11. Nxd7 1/2-1/2

[Event "X Open A"]
[Site "Bergamo ITA"]
[Date "2011.07.17"]
[Round "6"]
[White "Godena, Michele"]
[Black "Borgo, Giulio"]
[Result "1-0"]
[WhiteElo "2525"]
[BlackElo "2404"]
[PlyCount "48"]
[EventDate "2011.07.15"]

1. e4 d6 2. d4 Nf6 3. Bd3 e5 4. c3 Nc6 5. Nf3 g6 6. O-O Bg7 7. Re1 O-O 8. h3
Re8 9. Na3 h6 10. Bd2 Re7 11. Rc1 Qe8 12. d5 Nd8 13. c4 b6 14. b4 Nb7 15. Nb5
a6 16. Nc3 Nh7 17. Qc2 Bd7 18. Be3 Nf8 19. Nd2 a5 20. a3 h5 21. Rb1 axb4 22.
axb4 Bc8 23. Ra1 Rxa1 24. Rxa1 Bd7 1-0

[Event "X Open A"]
[Site "Bergamo ITA"]
[Date "2011.07.17"]
[Round "6"]
[White "Gonella, Daniele"]
[Black "Gosio, Denis"]
[WhiteElo "2067"]
[BlackElo "2164"]
[Result "1-0"]
[PlyCount "151"]
[EventDate "2011.07.15"]

1. e4 c5 2. Nc3 Nc6 3. g3 g6 4. Bg2 Bg7 5. d3 d6 6. f4 e6 7. Nf3 Nge7 8. O-O
O-O 9. Be3 Nd4 10. Rb1 Nec6 11. Ne2 Rb8 12. c3 Nxf3+ 13. Bxf3 Qc7 14. Qd2 b6
15. Rbc1 Bb7 16. Bg2 f5 17. d4 fxe4 18. dxc5 bxc5 19. Bxe4 Ne7 20. Bxb7 Rxb7
21. Rcd1 Rd8 22. Rfe1 d5 23. Bf2 Nf5 24. g4 Nd6 25. Qe3 Qf7 26. b3 Rc7 27. Ng3
Re8 28. Qf3 Rf8 29. Qe3 Re8 30. a4 a5 31. Re2 c4 32. Qb6 Qd7 33. Bc5 Rc6 34.
Qa7 Qxa7 35. Bxa7 Bxc3 36. bxc4 Rxc4 37. f5 gxf5 38. gxf5 exf5 39. Rxe8+ Nxe8
40. Nxf5 Nf6 41. Rd3 Ba1 42. Rg3+ Kf8 43. Rg7 Bc3 44. Rb7 Rg4+ 45. Kh1 Rc4 46.
Rb8+ Ne8 47. Nd6 Rxa4 48. Rxe8+ Kg7 49. Re6 Ra2 50. Be3 Bf6 51. Ne8+ Kf8 52.
Rxf6+ Kxe8 53. Rd6 Re2 54. Bd4 a4 55. Rxd5 Kf7 56. Rd7+ Kg6 57. Rg7+ Kh6 58.
Rc7 Re4 59. Bg7+ Kh5 60. h3 h6 61. Kh2 Rb4 62. Bf8 Re4 63. Rc2 Re6 64. Ra2 Re4
65. Rd2 Re6 66. Rd6 Re2+ 67. Kg3 a3 68. Rxh6+ Kg5 69. h4+ Kf5 70. Ra6 a2 71.
Bg7 Re3+ 72. Kg2 Re2+ 73. Kf3 Rh2 74. Rf6+ Ke5 75. Kg3 a1=Q 76. Rf1+ 1-0

[Event "X Open A"]
[Site "Bergamo ITA"]
[Date "2011.07.17"]
[Round "6"]
[White "Gorbatov, Alexej"]
[Black "Srebrnic, Vojko"]
[Result "1/2-1/2"]
[WhiteElo "2375"]
[BlackElo "2220"]
[PlyCount "132"]
[EventDate "2011.07.15"]

1. e4 c5 2. Nf3 g6 3. d4 cxd4 4. Nxd4 Nc6 5. c4 Nf6 6. Nc3 d6 7. Be2 Nxd4 8.
Qxd4 Bg7 9. O-O O-O 10. Bd2 Be6 11. Qd3 Nd7 12. b3 Nc5 13. Qe3 a5 14. Rac1 Bd7
15. Rfd1 Bc6 16. f3 e6 17. Be1 Be5 18. f4 Bxc3 19. Bxc3 Nxe4 20. Bb2 Qe7 21.
Rd4 f5 22. Rcd1 h6 23. Ba3 Rfd8 24. Qd3 Qc7 25. Bxd6 Nxd6 26. Rxd6 Rxd6 27.
Qxd6 Qxd6 28. Rxd6 Kf7 29. Kf2 Ke7 30. Rd3 Be4 31. Rh3 h5 32. Bd3 Bc6 33. Re3
Rd8 34. g3 Kf6 35. h4 b6 36. Ke2 Ke7 37. Bc2 Re8 38. Kd2 Kd6 39. Re5 Rc8 40.
Kc3 Bd7 41. Kd4 Rc5 42. Bd1 Bc6 43. a3 Be4 44. b4 axb4 45. axb4 Rc8 46. Bb3 Rd8
47. Kc3 Kc7 48. Bc2 Bxc2 49. Kxc2 Kd6 50. Rb5 Kc6 51. Re5 Kd6 52. c5+ bxc5 53.
Rxc5 Ra8 54. Kb3 Ra1 55. Re5 Rb1+ 56. Kc3 Rg1 57. Re3 Kd5 58. b5 Kc5 59. b6
Kxb6 60. Rxe6+ Kc5 61. Rxg6 Kd5 62. Kd3 Ra1 63. Rg5 Ra3+ 64. Ke2 Ke4 65. Kd2
Rd3+ 66. Kc2 Ra3 1/2-1/2

[Event "X Open A"]
[Site "Bergamo ITA"]
[Date "2011.07.17"]
[Round "6"]
[White "Herbold, Manfred"]
[Black "Sala, Giovanni"]
[WhiteElo "2143"]
[BlackElo "1967"]
[Result "1/2-1/2"]
[PlyCount "65"]
[EventDate "2011.07.15"]

1. e4 c5 2. Nf3 d6 3. c3 Nf6 4. d3 Nc6 5. Nbd2 e5 6. Be2 g6 7. O-O Bg7 8. Ne1
O-O 9. f4 exf4 10. Rxf4 d5 11. Rf2 Ne5 12. h3 dxe4 13. Nxe4 Nxe4 14. dxe4 Qxd1
15. Bxd1 b6 16. Bc2 Bb7 17. Nf3 Nxf3+ 18. gxf3 b5 19. Be3 Rac8 20. Rd1 Rc7 21.
Rfd2 Bc8 22. Rd5 Bxh3 23. Bxc5 Re8 24. Bb4 a6 25. a4 Be6 26. Rd8 Rc8 27. Rxe8+
Rxe8 28. Rd6 Bf8 29. Rxa6 Bxb4 30. cxb4 Rc8 31. Bd3 bxa4 32. Rxa4 Bc4 33. Bxc4
1/2-1/2

[Event "X Open A"]
[Site "Bergamo ITA"]
[Date "2011.07.17"]
[Round "6"]
[White "Leoni, Livio"]
[Black "Ficco, Corrado"]
[WhiteElo "2020"]
[BlackElo "2127"]
[Result "1/2-1/2"]
[PlyCount "73"]
[EventDate "2011.07.15"]

1. e4 e6 2. Nf3 c5 3. d4 cxd4 4. Nxd4 Nf6 5. Nc3 Nc6 6. Ndb5 d6 7. Bf4 e5 8.
Bg5 a6 9. Na3 b5 10. Nd5 Be7 11. Bxf6 Bxf6 12. c4 b4 13. Nc2 a5 14. Be2 O-O 15.
O-O Rb8 16. b3 g6 17. Nxf6+ Qxf6 18. Qd3 Bb7 19. Rfd1 Rfd8 20. g3 Kg7 21. Bf1
Qe6 22. Bg2 Qe7 23. Rd2 Qc7 24. Rad1 Qb6 25. Qe3 Qxe3 26. fxe3 Kf8 27. Rxd6 Ke7
28. Rxd8 Rxd8 29. Rxd8 Nxd8 30. Ne1 Ne6 31. Nd3 Kd6 32. Kf1 f6 33. Kg1 Nc5 34.
Nxc5 Kxc5 35. Kf2 h6 36. Bf3 g5 37. g4 1/2-1/2

[Event "X Open A"]
[Site "Bergamo ITA"]
[Date "2011.07.17"]
[Round "6"]
[White "Locci, Damiano"]
[Black "Bemporad, Filippo"]
[WhiteElo "2167"]
[BlackElo "2068"]
[Result "0-1"]
[PlyCount "72"]
[EventDate "2011.07.15"]

1. c4 c5 2. Nf3 Nf6 3. Nc3 Nc6 4. d4 cxd4 5. Nxd4 g6 6. e4 Bg7 7. Be3 d6 8. Be2
Bd7 9. O-O O-O 10. f3 a6 11. Qd2 Nxd4 12. Bxd4 Bc6 13. Rac1 Rc8 14. Rfe1 Re8
15. Bf1 e6 16. Qf2 Qe7 17. Rcd1 Qc7 18. Bb6 Qb8 19. Ba7 Qc7 20. Bb6 Qb8 21. Qg3
Bf8 22. Bd4 Nh5 23. Qf2 b5 24. cxb5 axb5 25. Bb6 b4 26. Nb5 Bxb5 27. Bxb5 Re7
28. Rc1 Qa8 29. Rxc8 Qxc8 30. Qd4 Qc2 31. Qxb4 Rb7 32. Ba4 Rxb6 33. Bxc2 Rxb4
34. Bb3 Nf4 35. Rd1 Ne2+ 36. Kf2 Nd4 0-1

[Event "X Open A"]
[Site "Bergamo ITA"]
[Date "2011.07.17"]
[Round "6"]
[White "Player, Edmund C."]
[Black "Valsecchi, Alessio"]
[WhiteElo "2214"]
[BlackElo "2354"]
[Result "1/2-1/2"]
[PlyCount "47"]
[EventDate "2011.07.15"]

1. e4 c5 2. Nc3 e6 3. g3 a6 4. Bg2 b5 5. d3 Bb7 6. Nh3 Qc7 7. O-O b4 8. Ne2 Ne7
9. b3 d5 10. exd5 Nxd5 11. Bb2 Nd7 12. Nef4 N5f6 13. Nh5 Bxg2 14. Kxg2 Qc6+ 15.
Kg1 Nxh5 16. Qxh5 Nf6 17. Bxf6 gxf6 18. Rae1 Bg7 19. f4 O-O 20. f5 Rfe8 21. Qf3
Qxf3 22. Rxf3 a5 23. Rfe3 Ra6 24. Nf2 1/2-1/2

[Event "X Open A"]
[Site "Bergamo ITA"]
[Date "2011.07.17"]
[Round "6"]
[White "Reduzzi, Maurizio"]
[Black "Spence, David J."]
[WhiteElo "2082"]
[BlackElo "2214"]
[Result "1/2-1/2"]
[PlyCount "90"]
[EventDate "2011.07.15"]

1. Nf3 Nf6 2. d4 e6 3. g3 c5 4. c4 a6 5. Bg2 cxd4 6. Nxd4 Qc7 7. Nc3 Qxc4 8.
O-O Qc7 9. Bg5 Be7 10. Rc1 Nc6 11. e4 Qd8 12. Qd2 O-O 13. Rfd1 d6 14. Nxc6 bxc6
15. e5 dxe5 16. Bxc6 Rb8 17. Qe2 Qa5 18. Na4 e4 19. Bd2 Qf5 20. b3 Qh3 21. Qf1
Qh5 22. Nc3 Ng4 23. h3 Ne5 24. Bxe4 Nf3+ 25. Kg2 Nxd2 26. Rxd2 e5 27. h4 f5 28.
Bf3 Qh6 29. Bd5+ Kh8 30. Rdc2 f4 31. Qe2 Bf5 32. Be4 Bc8 33. Bf3 Qe6 34. g4 h5
35. gxh5 Qh3+ 36. Kg1 Ba3 37. Rd1 Bf5 38. Ne4 Qxh4 39. Kg2 Bh3+ 40. Kg1 Rb6 41.
Rd5 Re6 42. Ra5 g6 43. h6 Be7 44. Rxa6 Rxa6 45. Qxa6 Rc8 1/2-1/2

[Event "X Open A"]
[Site "Bergamo ITA"]
[Date "2011.07.17"]
[Round "6"]
[White "Robertsen, Thomas"]
[Black "Castrogiovanni, Carlo"]
[WhiteElo "2257"]
[BlackElo "1995"]
[Result "1-0"]
[PlyCount "119"]
[EventDate "2011.07.15"]

1. e4 c5 2. Nf3 a6 3. c4 e6 4. Nc3 Nc6 5. d4 cxd4 6. Nxd4 d6 7. Be3 Nf6 8. Be2
Bd7 9. O-O Be7 10. f4 e5 11. Nf5 Bxf5 12. exf5 exf4 13. Rxf4 Qa5 14. Qd2 O-O
15. Raf1 Rfe8 16. g4 Bd8 17. Bf2 d5 18. cxd5 Nxd5 19. Qxd5 Qxd5 20. Nxd5 Rxe2
21. Re1 Rxe1+ 22. Bxe1 Bg5 23. Re4 h6 24. h4 Bc1 25. Bc3 Rd8 26. f6 g5 27. Ne7+
Kh7 28. h5 Bd2 29. Nxc6 bxc6 30. Re7 Kg8 31. Bxd2 Rxd2 32. Re8+ Kh7 33. Rf8 Rd7
34. Kf2 Rd6 35. Rxf7+ Kg8 36. Rg7+ Kf8 37. Rg6 Kf7 38. Rxh6 Rd2+ 39. Kf3 Rxb2
40. Rh7+ Kxf6 41. Rh6+ Kf7 42. Rxc6 Rxa2 43. Rc5 Kf6 44. Rf5+ Kg7 45. Rxg5+ Kh7
46. Re5 Kh6 47. Kf4 Rf2+ 48. Kg3 Ra2 49. Re6+ Kh7 50. g5 a5 51. Re7+ Kh8 52. g6
Rb2 53. h6 Rb8 54. Ra7 Kg8 55. Rxa5 Rb3+ 56. Kf4 Rb4+ 57. Kg5 Rb8 58. h7+ Kg7
59. Ra7+ Kh8 60. Kh6 1-0

[Event "X Open A"]
[Site "Bergamo ITA"]
[Date "2011.07.17"]
[Round "6"]
[White "Seletsky, Grigory"]
[Black "Drazic, Sinisa"]
[Result "0-1"]
[WhiteElo "2296"]
[BlackElo "2501"]
[PlyCount "86"]
[EventDate "2011.07.15"]

1. e4 e6 2. d4 d5 3. Nd2 dxe4 4. Nxe4 Bd7 5. Nf3 Bc6 6. Bd3 Nd7 7. O-O Ngf6 8.
Ng3 Be7 9. Qe2 Bxf3 10. Qxf3 c6 11. c3 O-O 12. Rd1 a5 13. Nh5 Nxh5 14. Qxh5 g6
15. Qe2 Bf6 16. Bf4 Re8 17. Qc2 Nb6 18. g3 Nd5 19. Bh6 Bg7 20. Bxg7 Kxg7 21.
Re1 a4 22. a3 Qc7 23. Qe2 Red8 24. Rad1 Rd7 25. h4 h5 26. Bb1 Rad8 27. Rd3 Nf6
28. Qc2 b5 29. Rxe6 fxe6 30. Rf3 Nh7 31. Qxg6+ Kh8 32. Qh6 Rg8 33. Qxh5 c5 34.
dxc5 Rd5 35. Qh6 Rd1+ 36. Kh2 Rxb1 37. Qxe6 Rxb2 38. Qe3 Qg7 39. Kg2 Rb3 40. h5
Ng5 41. h6 Qxh6 42. Qe5+ Qg7 43. Rf6 Nh7 0-1

[Event "X Open A"]
[Site "Bergamo ITA"]
[Date "2011.07.17"]
[Round "6"]
[White "Seyfried, Claus"]
[Black "Moroni, Luca jr"]
[WhiteElo "2166"]
[BlackElo "1964"]
[Result "0-1"]
[PlyCount "82"]
[EventDate "2011.07.15"]

1. e4 c5 2. c3 Nf6 3. e5 Nd5 4. d4 cxd4 5. Nf3 e6 6. cxd4 d6 7. Bc4 Nb6 8. Bb3
Be7 9. Qe2 O-O 10. O-O Bd7 11. Nc3 Bc6 12. Re1 N8d7 13. Ne4 dxe5 14. dxe5 Bxe4
15. Qxe4 Nc5 16. Qg4 Nxb3 17. Bh6 g6 18. axb3 Re8 19. Ng5 Qd7 20. Re3 Rac8 21.
Rf3 Bxg5 22. Bxg5 Qc7 23. Re1 Nd5 24. Qh4 Qa5 25. Rd1 h5 26. Qa4 Qxa4 27. bxa4
Rc2 28. Rb3 b6 29. Kf1 Rec8 30. Rb5 R8c4 31. a5 bxa5 32. Rxa5 Rxb2 33. Rd2 Rb1+
34. Ke2 Re4+ 35. Be3 Rb7 36. Kf3 Rxe5 37. Bxa7 Rb3+ 38. Be3 Rf5+ 39. Kg3 Nxe3
40. Ra8+ Kg7 41. fxe3 Rxe3+ 0-1

[Event "X Open A"]
[Site "Bergamo ITA"]
[Date "2011.07.17"]
[Round "6"]
[White "Solodovnichenko, Yuri"]
[Black "Brunello, Sabino"]
[Result "1-0"]
[WhiteElo "2615"]
[BlackElo "2552"]
[PlyCount "57"]
[EventDate "2011.07.15"]

1. e4 c6 2. d4 d5 3. exd5 cxd5 4. c4 Nf6 5. Nc3 Nc6 6. Bg5 dxc4 7. Bxc4 h6 8.
Be3 e6 9. Nf3 Bd6 10. O-O O-O 11. Qe2 b6 12. Rad1 Ne7 13. Ne5 Bb7 14. Bc1 Rc8
15. Bb3 Bb8 16. Rfe1 Nfd5 17. Ne4 Nf5 18. Ng3 Nh4 19. Nh5 Rxc1 20. Rxc1 g6 21.
Bxd5 Bxd5 22. Qg4 Bxg2 23. Nd7 Kh8 24. Nhf6 g5 25. Rc3 Bf4 26. f3 Qa8 27. Re4
Bd2 28. Qh5 Kg7 29. Rxh4 1-0

[Event "X Open A"]
[Site "Bergamo ITA"]
[Date "2011.07.17"]
[Round "6"]
[White "Stella, Andrea"]
[Black "De Palma, Fabrizio"]
[WhiteElo "2412"]
[BlackElo "2064"]
[Result "1-0"]
[PlyCount "109"]
[EventDate "2011.07.15"]

1. d4 Nf6 2. c4 e6 3. Nf3 b6 4. g3 Ba6 5. Nbd2 d5 6. Bg2 Be7 7. Qa4+ Qd7 8. Qc2
c6 9. O-O O-O 10. Rd1 Qc7 11. b3 Nbd7 12. e4 dxe4 13. Nxe4 Nxe4 14. Qxe4 Nf6
15. Qe2 Bb7 16. Bf4 Bd6 17. Ne5 Rac8 18. c5 Bxe5 19. Bxe5 Qd7 20. Bxf6 gxf6 21.
Rac1 b5 22. a4 a6 23. b4 f5 24. Qe5 f6 25. Qe3 Rcd8 26. Ra1 Kh8 27. Bf3 Rfe8
28. Qh6 Rf8 29. Qe3 Rfe8 30. Ra3 Qg7 31. axb5 cxb5 32. c6 Bc8 33. Raa1 Qc7 34.
Qh6 Qg7 35. Qxg7+ Kxg7 36. Bh5 Re7 37. f4 Rd6 38. Kf2 Kf8 39. Rac1 Rc7 40. Bf3
Kf7 41. Rc5 Ke7 42. h3 Kf7 43. Rd2 Ke7 44. Ke3 Kf7 45. g4 fxg4 46. hxg4 Kg7 47.
Rh2 Kg8 48. Rch5 Rdxc6 49. Bxc6 Rxc6 50. Rxh7 Rc3+ 51. Ke2 Rc4 52. Kd3 e5 53.
f5 Rxd4+ 54. Ke3 Bxf5 55. gxf5 1-0

[Event "X Open A"]
[Site "Bergamo ITA"]
[Date "2011.07.17"]
[Round "6"]
[White "Turazza, Andrea"]
[Black "Cattaneo, Marco"]
[WhiteElo "1922"]
[BlackElo "1991"]
[Result "0-1"]
[PlyCount "110"]
[EventDate "2011.07.15"]

1. d4 d5 2. c4 c6 3. Nc3 Nf6 4. Nf3 e6 5. e3 Nbd7 6. Bd3 dxc4 7. Bxc4 b5 8. Bb3
b4 9. Ne2 c5 10. O-O Bb7 11. Ne5 Bd6 12. f4 O-O 13. Ng3 Qc7 14. Bd2 Ba6 15. Rf2
Qb6 16. Nxd7 Nxd7 17. Ba4 Rfd8 18. Bxd7 Rxd7 19. Qg4 f5 20. Qf3 Bb7 21. Qe2
cxd4 22. exd4 Bd5 23. Qd3 Rc8 24. b3 Rdc7 25. Rff1 Be7 26. Rac1 Bf6 27. Ne2 Bb7
28. Rxc7 Rxc7 29. h3 Ba6 30. Qe3 Bxe2 31. Qxe2 Bxd4+ 32. Kh1 g6 33. Re1 Kf7 34.
Kh2 a5 35. Rc1 Rxc1 36. Bxc1 Qc5 37. Qd1 e5 38. fxe5 Bxe5+ 39. Kh1 Qd4 40. Qxd4
Bxd4 41. Bf4 Bb6 42. Kh2 Ke6 43. Kg3 Kd5 44. Kf3 Bd8 45. Ke3 g5 46. Bb8 Bb6+
47. Kd3 h5 48. Bg3 f4 49. Be1 Be3 50. g3 g4 51. hxg4 hxg4 52. gxf4 Bxf4 53. Bf2
g3 54. Bb6 g2 55. Ke2 Bh2 0-1